| 000 | 01920nam a22002897a 4500 | ||
|---|---|---|---|
| 003 | DO-SdBNP | ||
| 005 | 20230306091823.0 | ||
| 007 | ta | ||
| 008 | 201203b 2001 dr 00| 0 spa d | ||
| 020 | _a9993420085 | ||
| 040 |
_aDO-SdBNP _bspa _cBPMSU |
||
| 082 | 4 |
_aRD863.08 _bC744o 2001 _222 |
|
| 111 | 2 |
_aConcurso Literarario ¨por Nuestro País Primero¨ _d(2001: _cPuerto Plata, República Dominicana) |
|
| 245 | 1 | 0 |
_aOtros cuentos puertoplateños : _b(antología) / _cpresentación Lilian Russo de Cueto ; prólogo Diógenes Valdez. |
| 260 |
_aSanto Domingo : _bEdiciones Renovación, _c2001 |
||
| 300 |
_a125 p. ; _c22 cm. |
||
| 490 | 0 | _a"Por nuestro país primero." | |
| 505 | 0 |
_tEl compromiso de la firma Brugal & Co C. por A. / _rOsvaldo Brugal Limardo -- _gPresentación / _rLilian Russo de Cueto -- _tPrólogo / _rDiógenes Valdez -- _tEl sueño del General / _rFranklin Álvarez -- _tLa venganza de Margarita Moreno/ _rFranklin Álvarez -- _tUna noche cualquiera de un sábado de diciembre / _rFranklin Álvarez -- _tEncuentro / _rWady Musa -- _t"Tómelo usted" / _rNelson Mercedes Sandoval -- _tÚltima visión de la tía Antonia / _rSilvio O. Jerez -- _tEl héroe ausente / _rAglae Echavarría -- _tBrevedad / _rJohana Goede -- _tLa estrategia del General / _rLuis Lorenzo Marmolejos -- _tEl abuelo / _rAndrés Ulloa -- _tLas doce menos cuarto / _rLuis Lorenzo Marmolejos -- _tLa mejor / _rDennis Alexander Ripoll Cid -- _tLa dignidad / _rRamón Peña -- _tCelos / _rAglae Echavarría -- _tUn amargo recuerdo / _rAglae Echavarría -- _tPasión inútil / _rDennis Alexander Ripol Cid. |
|
| 590 | _aInventariado, 2021/VM | ||
| 650 | 1 | 4 |
_aCuentos dominicanos _vColecciones |
| 650 | 4 | _aCertámenes literarios | |
| 650 | 4 | _aLiteratura dominicana | |
| 700 | 1 |
_aValdez, Diógenes, _d1941-, _eprólogo |
|
| 710 | 2 | _aSociedad Cultural Renovación, (Puerto Plata, República Dominicana) | |
| 910 | _aVMateo V. Control de calidad (BPMSU) | ||
| 942 |
_2ddc _cBK |
||
| 999 |
_c13785 _d13785 |
||